| 000 | 04775cam a22007217a 4500 | ||
|---|---|---|---|
| 003 | CHAP | ||
| 005 | 20220817043722.0 | ||
| 008 | 001018d1999 mx rs o00110 spa d | ||
| 010 | _a82629 | ||
| 011 | _a83601 | ||
| 035 | _a94116 | ||
| 040 | _cCHAP | ||
| 090 | _aFolleto 15852 1999 | ||
| 110 |
_aInstituto Nacional de Estadística, Geografía e Informática. México _959304 |
||
| 245 | 0 |
_aCensos económicos 1999 enumeración integral : _bresultados oportunos del estado de... _c/por Instituto Nacional de Estadística, Geografía e Informática |
|
| 260 |
_aAguascalientes, Ags. : _bInstituto Nacional de Estadística, Geografía e Informática, _cc.1999. |
||
| 300 |
_av. : _bgráfs. ; cuadros |
||
| 500 | _aLa biblioteca tiene: Nacional, Aguascalientes, Baja California, Baja California Sur, Coahuila, Campeche, Colima, Chiapas, Chihuahua, Durango, Guanajuato, Guerrero, Hidalgo, Jalisco, México (D.F.), México (Edo.), Michoacán, Morelos, Nayarít, Nuevo León, Oaxaca, Puebla, Querétaro, Quintana Roo, San Luis Potosí, Sinaloa, Sonora, Tabasco, Tamaulipas, Tlaxcala, Veracruz, Yucatán, Zacatecas, Parques, Ciudades y Corredores Industriales de México | ||
| 590 |
_aBATCH-UPD _b10 _c20130110 _lUCH01 _h0929 |
||
| 590 |
_aBATCH-UPD _b10 _c20130410 _lUCH01 _h0549 |
||
| 590 |
_aBATCH-UPD _b10 _c20130914 _lUCH01 _h1326 |
||
| 590 |
_aCONVERSION _b10 _c20130109 _lUCH01 _h1346 |
||
| 650 | 1 | 4 |
_aEstadísticas sociales. _938266 |
| 650 | 1 | 4 |
_aMéxico _xCondiciones económicas. |
| 650 | 1 | 4 |
_aMéxico _xEstadísticas. _976743 |
| 901 | _aBK | ||
| 905 | _aPatricia Mendoza P. | ||
| 942 | _cFOLL | ||
| 949 |
_aFolleto 15852 1999 _bBC _cFOLL _d33724000784484 _eTS1 _fParques _gDonaciØn _i94116 _sb |
||
| 949 |
_aFolleto 15852 1999 _bBC _cFOLL _d33724000801213 _eTS1 _fJal. _i94116 _kDonaciØn _sb |
||
| 949 |
_aFolleto 15852 1999 _bBC _cFOLL _d33724000801270 _eTS1 _fPue. _i94116 _kDonaciØn _sb |
||
| 949 |
_aFolleto 15852 1999 _bBC _cFOLL _d33724000801338 _eTS1 _fNay. _i94116 _kDonaciØn _sb |
||
| 949 |
_aFolleto 15852 1999 _bBC _cFOLL _d33724000801395 _eTS1 _fM�x. (Edo.) _i94116 _kDonaciØn _sb |
||
| 949 |
_aFolleto 15852 1999 _bBC _cFOLL _d33724000805057 _eTS1 _fTlax. _i94116 _kDonaciØn _sb |
||
| 949 |
_aFolleto 15852 1999 _bBC _cFOLL _d33724000805065 _eTS1 _fTab. _i94116 _kDonaciØn _sb |
||
| 949 |
_aFolleto 15852 1999 _bBC _cFOLL _d33724000805073 _eTS1 _fQ.R. _i94116 _kDonaciØn _sb |
||
| 949 |
_aFolleto 15852 1999 _bBC _cFOLL _d33724000805081 _eTS1 _fGro. _i94116 _kDonaciØn _sb |
||
| 949 |
_aFolleto 15852 1999 _bBC _cFOLL _d33724000805099 _eTS1 _fChis. _i94116 _kDonaciØn _sb |
||
| 949 |
_aFolleto 15852 1999 _bBC _cFOLL _d33724000805107 _eTS1 _fMich. _i94116 _kDonaciØn _sb |
||
| 949 |
_aFolleto 15852 1999 _bBC _cFOLL _d33724000805115 _eTS1 _fVer. _i94116 _kDonaciØn _sb |
||
| 949 |
_aFolleto 15852 1999 _bBC _cFOLL _d33724000805123 _eTS1 _fTamps. _i94116 _kDonaciØn _sb |
||
| 949 |
_aFolleto 15852 1999 _bBC _cFOLL _d33724000805131 _eTS1 _fS.L.P. _i94116 _kDonaciØn _sb |
||
| 949 |
_aFolleto 15852 1999 _bBC _cFOLL _d33724000805149 _eTS1 _fHgo. _i94116 _kDonaciØn _sb |
||
| 949 |
_aFolleto 15852 1999 _bBC _cFOLL _d33724000805156 _eTS1 _fChih. _i94116 _kDonaciØn _sb |
||
| 949 |
_aFolleto 15852 1999 _bBC _cFOLL _d33724000805164 _eTS1 _fMor. _i94116 _kDonaciØn _sb |
||
| 949 |
_aFolleto 15852 1999 _bBC _cFOLL _d33724000805172 _eTS1 _fZac. _i94116 _kDonaciØn _sb |
||
| 949 |
_aFolleto 15852 1999 _bBC _cFOLL _d33724000805180 _eTS1 _fYuc. _i94116 _kDonaciØn _sb |
||
| 949 |
_aFolleto 15852 1999 _bBC _cFOLL _d33724000805198 _eTS1 _fQro. _i94116 _kDonaciØn _sb |
||
| 949 |
_aFolleto 15852 1999 _bBC _cFOLL _d33724000805206 _eTS1 _fDgo. _i94116 _kDonaciØn _sb |
||
| 949 |
_aFolleto 15852 1999 _bBC _cFOLL _d33724000805214 _eTS1 _fCoah. _i94116 _kDonaciØn _sb |
||
| 949 |
_aFolleto 15852 1999 _bBC _cFOLL _d33724000805222 _eTS1 _fAgs. _i94116 _kDonaciØn _sb |
||
| 949 |
_aFolleto 15852 1999 _bBC _cFOLL _d33724000805248 _eTS1 _fN.L. _i94116 _kDonaciØn _sb |
||
| 949 |
_aFolleto 15852 1999 _bBC _cFOLL _d33724000805255 _eTS1 _fSin. _i94116 _kDonaciØn _sb |
||
| 949 |
_aFolleto 15852 1999 _bBC _cFOLL _d33724000805263 _eTS1 _fGto. _i94116 _kDonaciØn _sb |
||
| 949 |
_aFolleto 15852 1999 _bBC _cFOLL _d33724000805271 _eTS1 _fCamp. _i94116 _kDonaciØn _sb |
||
| 949 |
_aFolleto 15852 1999 _bBC _cFOLL _d33724000805289 _eTS1 _fB.C. _i94116 _kDonaciØn _sb |
||
| 949 |
_aFolleto 15852 1999 _bBC _cFOLL _d33724000805305 _eTS1 _fOax. _i94116 _kDonaciØn _sb |
||
| 949 |
_aFolleto 15852 1999 _bBC _cFOLL _d33724000805313 _eTS1 _fSon. _i94116 _kDonaciØn _sb |
||
| 949 |
_aFolleto 15852 1999 _bBC _cFOLL _d33724000805321 _eTS1 _fM�x. (D.F.) _i94116 _kDonaciØn _sb |
||
| 949 |
_aFolleto 15852 1999 _bBC _cFOLL _d33724000805339 _eTS1 _fCol. _i94116 _kDonaciØn _sb |
||
| 949 |
_aFolleto 15852 1999 _bBC _cFOLL _d33724000805347 _eTS1 _fB.C.S. _i94116 _kDonaciØn _sb |
||
| 949 |
_aFolleto 15852 1999 _bBC _cFOLL _d941161 _eTS1 _i94116 _kDonaciØn _sb |
||
| 999 |
_c82629 _d82629 |
||